| 000 | 00716na a2200241 4500 | ||
|---|---|---|---|
| 001 | 15007 | ||
| 003 | MIRAKIL | ||
| 005 | 20181213155200.0 | ||
| 008 | 161025b tu 000 0 | ||
| 035 | _a15007 | ||
| 040 |
_aMilas _btur _cTR-AnCHP |
||
| 041 | _ager | ||
| 082 |
_aATA 956.005 _bT86 1934 |
||
| 090 | _aATA 956.005 T86 1934- | ||
| 245 | _aLa Turque Kemaliste | ||
| 260 |
_a[y. y.] _b[yayl. y.] _c1934- |
||
| 300 |
_a87 s. _bfotg. _c32 sm. |
||
| 600 |
_aAtatürk, Mustafa Kemal _d1881-1938 |
||
| 651 |
_aTürkiye _xSosyo ekonomik durum _ySüreli yayınlar |
||
| 651 |
_aTürkiye _xSiyaset ve yönetim _ySüreli yayınlar |
||
| 651 |
_aTürkiye _xEntelektüel yaşam _ySüreli yayınlar |
||
| 942 |
_2ddc _cBKS |
||
| 999 |
_c8122 _d8122 |
||